<?xml version="1.0" encoding="UTF-8"?>
<collection xmlns="http://www.loc.gov/MARC21/slim">
 <record>
  <leader>00479nam a22001455a 4500</leader>
  <controlfield tag="001">EHU.bham049708</controlfield>
  <controlfield tag="005">20121024100143.0</controlfield>
  <controlfield tag="008">041125s1954####fr############000#0#lat#d</controlfield>
  <datafield tag="041" ind1="0" ind2=" ">
   <subfield code="a">lat</subfield>
   <subfield code="a">fre</subfield>
  </datafield>
  <datafield tag="082" ind1="0" ind2="4">
   <subfield code="a">878</subfield>
  </datafield>
  <datafield tag="100" ind1="1" ind2=" ">
   <subfield code="a">César, Cayo Julio.</subfield>
  </datafield>
  <datafield tag="245" ind1="1" ind2="0">
   <subfield code="a">Guerre d'Alexandrie.  Texte établi et traduit par Jean Andrieu /</subfield>
   <subfield code="c">Cayo J. César.</subfield>
  </datafield>
  <datafield tag="260" ind1=" " ind2=" ">
   <subfield code="a">Paris :</subfield>
   <subfield code="b">Les belles lettres,</subfield>
   <subfield code="c">1954.</subfield>
  </datafield>
  <datafield tag="300" ind1=" " ind2=" ">
   <subfield code="a">103 p.</subfield>
  </datafield>
  <datafield tag="859" ind1=" " ind2=" ">
   <subfield code="a">AR-BHAM</subfield>
   <subfield code="b">BIB. HUMANIDADES - Seccion BC</subfield>
   <subfield code="h">878</subfield>
   <subfield code="i">C338-4</subfield>
   <subfield code="p">BC881/967</subfield>
   <subfield code="t">Ej.2</subfield>
   <subfield code="v">BC</subfield>
  </datafield>
 </record>
</collection>
